000 00601nam a2200253Ia 4500
005 20260121155409.0
008 008 260114s9999 xx 000 0 eng d
020 _a9780429423949
037 _aEBOOK
040 _aCRL
040 _beng
040 _cCRL
041 _2eng
041 _aeng
084 _qCRL
100 _a Tonino Griffero
_91019008
245 0 _aPlaces, Affordances, Atmospheres
260 _bTaylor and Francis
260 _c2020
856 _uhttp://www.taylorfrancis.com/books/9780429423949
942 _cEBOOK
999 _c1585827
_d1585827